00525nam a22001217a 450000500170000000800410001704000130005808200240007110000400009524502090013526000480034430000110039220210506150755.0210506b ||||| |||| 00| 0 eng d cPK-LaUMT aRHC 891.4398bYUS-A aYusuf Sirmust = یوسف سرمست aAdab ki mahiyyat munsab aur tareef classkiyyat aur romaniyyat = ادب کی ماہیت منصب اور تعریف کل سکیت اور رومانیت :badab bara i adab = ادب برئے ادب /cby  aHyderabad :bTamkeen Sirmast Academy,c1983 a120 p.